<?xml version="1.0" encoding="UTF-8"?>
<record
    xmlns:xsi="http://www.w3.org/2001/XMLSchema-instance"
    xsi:schemaLocation="http://www.loc.gov/MARC21/slim http://www.loc.gov/standards/marcxml/schema/MARC21slim.xsd"
    xmlns="http://www.loc.gov/MARC21/slim">

  <leader>01334nam a22003857a 4500</leader>
  <controlfield tag="001">2853</controlfield>
  <controlfield tag="003">AR-MoEEST</controlfield>
  <controlfield tag="005">20260508164314.0</controlfield>
  <controlfield tag="008">240619s2004    ag ||||dr||||f00| 0 spa d</controlfield>
  <datafield tag="020" ind1=" " ind2=" ">
    <subfield code="a">9500108682</subfield>
  </datafield>
  <datafield tag="040" ind1=" " ind2=" ">
    <subfield code="a">AR-MoEEST4</subfield>
    <subfield code="b">spa</subfield>
    <subfield code="c">AR-MoEEST4</subfield>
    <subfield code="e">aarc</subfield>
  </datafield>
  <datafield tag="041" ind1=" " ind2=" ">
    <subfield code="h">spa</subfield>
    <subfield code="a">espa&#xF1;ol</subfield>
  </datafield>
  <datafield tag="080" ind1="0" ind2=" ">
    <subfield code="a">57 (075) BOC</subfield>
  </datafield>
  <datafield tag="100" ind1="1" ind2="0">
    <subfield code="a">Bocalandro, Noem&#xED;</subfield>
    <subfield code="e">autora</subfield>
  </datafield>
  <datafield tag="245" ind1="1" ind2="0">
    <subfield code="a">Biolog&#xED;a 1 </subfield>
    <subfield code="b">biolog&#xED;a humana y salud </subfield>
  </datafield>
  <datafield tag="250" ind1=" " ind2=" ">
    <subfield code="a">1a ed. </subfield>
  </datafield>
  <datafield tag="260" ind1=" " ind2=" ">
    <subfield code="a">Buenos Aires :</subfield>
    <subfield code="b">Estrada,</subfield>
    <subfield code="c">2004</subfield>
  </datafield>
  <datafield tag="300" ind1=" " ind2=" ">
    <subfield code="a">351, 63 p. </subfield>
  </datafield>
  <datafield tag="336" ind1=" " ind2=" ">
    <subfield code="a">Texto</subfield>
  </datafield>
  <datafield tag="337" ind1=" " ind2=" ">
    <subfield code="a">Sin mediaci&#xF3;n </subfield>
  </datafield>
  <datafield tag="490" ind1=" " ind2=" ">
    <subfield code="a">Estrada polimodal </subfield>
  </datafield>
  <datafield tag="505" ind1="0" ind2=" ">
    <subfield code="t">Bloque 1: La c&#xE9;lula, unidad estructural y funcional </subfield>
    <subfield code="g">p&#xE1;g. (6-77) </subfield>
  </datafield>
  <datafield tag="505" ind1="0" ind2=" ">
    <subfield code="t">Bloque 2: El organismo humano como sistema complejo y abierto</subfield>
    <subfield code="g">p&#xE1;g. (78-105)</subfield>
  </datafield>
  <datafield tag="505" ind1="0" ind2=" ">
    <subfield code="t">Bloque 3: La nutrici&#xF3;n en el organismo humano</subfield>
    <subfield code="g">p&#xE1;g. (106-157)</subfield>
  </datafield>
  <datafield tag="505" ind1="0" ind2=" ">
    <subfield code="t">Bloque 4: La funci&#xF3;n de relaci&#xF3;n </subfield>
    <subfield code="g">p&#xE1;g. (158-249)</subfield>
  </datafield>
  <datafield tag="505" ind1="0" ind2=" ">
    <subfield code="t">Bloque 5: La vida, continuidad y cambio </subfield>
    <subfield code="g">p&#xE1;g. (250-315)</subfield>
  </datafield>
  <datafield tag="505" ind1="0" ind2=" ">
    <subfield code="t">Bloque 6: La biolog&#xED;a como emprendimiento humano </subfield>
    <subfield code="g">p&#xE1;g. (316-353)</subfield>
  </datafield>
  <datafield tag="650" ind1=" " ind2="7">
    <subfield code="a">Biolog&#xED;a</subfield>
  </datafield>
  <datafield tag="653" ind1=" " ind2="4">
    <subfield code="a">Ciencias Naturales</subfield>
  </datafield>
  <datafield tag="653" ind1=" " ind2="4">
    <subfield code="a">Libros de ense&#xF1;anza</subfield>
  </datafield>
  <datafield tag="655" ind1=" " ind2="7">
    <subfield code="a">Libros de textos</subfield>
  </datafield>
  <datafield tag="700" ind1="1" ind2=" ">
    <subfield code="a">Frid, D&#xE9;bora</subfield>
    <subfield code="e">autora</subfield>
  </datafield>
  <datafield tag="700" ind1="1" ind2=" ">
    <subfield code="a">Socolovsky, Laura</subfield>
    <subfield code="e">autora</subfield>
  </datafield>
  <datafield tag="942" ind1=" " ind2=" ">
    <subfield code="2">CDD</subfield>
    <subfield code="c">BK</subfield>
  </datafield>
  <datafield tag="999" ind1=" " ind2=" ">
    <subfield code="c">22208</subfield>
    <subfield code="d">22208</subfield>
  </datafield>
  <datafield tag="952" ind1=" " ind2=" ">
    <subfield code="0">0</subfield>
    <subfield code="1">0</subfield>
    <subfield code="2">ddc</subfield>
    <subfield code="4">0</subfield>
    <subfield code="7">0</subfield>
    <subfield code="a">KETEC4073</subfield>
    <subfield code="b">KETEC4073</subfield>
    <subfield code="d">2026-02-16</subfield>
    <subfield code="i">38888</subfield>
    <subfield code="l">3</subfield>
    <subfield code="p">38888</subfield>
    <subfield code="q">2026-03-16</subfield>
    <subfield code="r">2026-03-02 16:39:51</subfield>
    <subfield code="s">2026-03-02</subfield>
    <subfield code="t">1</subfield>
    <subfield code="w">2026-02-16</subfield>
    <subfield code="y">BK</subfield>
    <subfield code="z">CUIDE EL LIBRO</subfield>
  </datafield>
</record>
